000 00235nam a2200097Ia 4500
005 20251222114350.0
008 251222s1900||||xx |||||||||||||| ||spa||
082 _aDVD0140/D56/1991
245 0 _aEl silencio de los inocentes :
942 _cDVD
999 _c1221
_d1221